000 00763nam a2200205 a 4500
001 000027093
005 20200930030610.0
008 110329s1981 dr 000 | spa d
040 _aDO-SdBNP
_bspa
_cBNPHU
082 _axxx
_bR426s
110 1 _aRepública Dominicana.
_bSecretaría de Estado de Finanzas
_932264
245 0 _aSeguros :
_bbase legal.
260 _aSanto Domingo :
_bInstituto de Capacitación Tributaria de la Secretaría de Estado de Finanzas,
_c1981.
300 _a134 p. ;
_c21 cm.
490 1 _aLegislativa
_v3
710 1 _aRepública Dominicana.
_bSecretaría de Estado de Finanzas.
_bDepartamento Legal
_954168
710 1 _aRepública Dominicana.
_bSuperintendencia de Seguros
_954169
830 0 _aLegislativa;
_v3
_930888
049 _aBNPD
999 _c26585
_d26585